000 00900nam0a22002771 4500
001 rc\3275844
005 20250609172908.0
021 _aRU
_b[70-6422]
035 _a(NLR Aleph) 007395187
090 _a6653257
_c6653257
100 _a20130115d1969 |||y0rusy50 ca
101 1 _arus
_carm
102 _aRU
105 _ac z |||a|
200 1 _aЛегенда XX века
_e[Роман
_fПер. с арм. Н. Гончар
_gПослесл. С. Гуллакян]
210 _aЕреван
_cАйастан
_d1969
215 _a223 с., 1 л. портр.
_d16
532 1 1 _aЛегенда двадцатого века
700 1 _aЗейтунцян
_bП.А.
_f1938-
_gПерч Арменакович
702 1 _aГончар
_bН.
_4730
702 1 _aГуллакян
_bС.
_4080
801 0 _aRU
_bNLR
_gpsbo
801 1 _aRU
_bELAR
_2rusmarc
852 _aNLR
_j69-2/4279
942 _cBOOK
980 _aNB